Paralelné prehľadávanie herného stromu na viacjadrovom stroji so spoločnou pamäťou

Enregistré dans:
Détails bibliographiques
Auteur principal: Zvalo, Jozef, 1987- (Auteur)
Autres auteurs: Lacko, Peter, 1980- (Directeur de thèse)
Format: Manuscrit Livre
Langue:slovaque
Publié: Bratislava : STU v Bratislave FIIT, 2011
Sujets:
Accès en ligne:VAIS
Tags: Ajouter un tag
Pas de tags, Soyez le premier à ajouter un tag!

MARC

LEADER 00000ntm a22000003a 4500
001 stu233654
005 20150617230140.1
008 110823s2011----xo------------------slo-d
040 |a STU  |b slo 
041 0 |a slo 
044 |a xo 
100 1 |a Zvalo, Jozef,  |d 1987-  |4 aut  |u I200  |U FIIT Fakulta informatiky a informačných technológií  |T FIIT Ústav informatiky a softvérového inžinierstva  |X 36290  |U I200  |Y 179  |7 A000036290 
242 0 0 |a Parallel game tree search on multicore procesor with shared memory  |y eng 
245 1 |a Paralelné prehľadávanie herného stromu na viacjadrovom stroji so spoločnou pamäťou 
260 |a Bratislava :  |b STU v Bratislave FIIT,  |c 2011 
300 |a 61 s 
650 7 |a softvérové inžinierstvo  |2 stusub 
650 7 |a Software Engineering  |2 estusub 
700 1 |a Lacko, Peter,  |d 1980-  |4 ths  |u I200  |U FIIT Fakulta informatiky a informačných technológií  |T FIIT Ústav informatiky a softvérového inžinierstva  |X 1780  |U I200  |Y 179  |7 1780 
856 4 |a info a plný text  |u http://is.stuba.sk/zp/portal_zp.pl?podrobnosti=72076  |3 VAIS 
996 |b IDP159/11  |c I*DP159/11  |l II680  |s P  |a 0  |w stu233654_0001